| 000 -LEADER |
| fixed length control field |
01943nam a2200169 4500 |
| 008 - FIXED-LENGTH DATA ELEMENTS--GENERAL INFORMATION |
| fixed length control field |
190909b ||||| |||| 00| 0 eng d |
| 100 ## - MAIN ENTRY--PERSONAL NAME |
| Personal name |
Lee, Patrick et al |
| 245 ## - TITLE STATEMENT |
| Title |
Scientific facts and oral traditions in Oldupai Gorge, Tanzania: Symmetrically analysing palaeoanthropological and Maasai black boxes |
| 260 ## - PUBLICATION, DISTRIBUTION, ETC. (IMPRINT) |
| Date of publication, distribution, etc |
2019 |
| 300 ## - PHYSICAL DESCRIPTION |
| Extent |
p.57-83. |
| 520 ## - SUMMARY, ETC. |
| Summary, etc |
Reminiscent of past colonial practices, contemporary archaeological research in Africa is still often governed and carried out by foreign entities that move Africans aside from their pasts and their countries’ archaeological heritage. Oldupai Gorge, located in Tanzania’s Ngorongoro Conservation Area, is a flagship human evolution research site. Less recognized is that a Maasai pastoral society inhabits the region. Despite over a century of excavations in the ‘birthplace of humanity’, local Maasai and palaeoanthropologists have rarely affiliated with each other. Furthermore, a lingering and erroneous characterization of the Maasai as archaic, environmentally damaging and premodern continues to guide policies that compromise Maasai pastoral livelihoods. This article utilizes actor–network theory to ethnographically and symmetrically compare the epistemic cultures of both the Maasai and palaeoanthropologists in Oldupai, and argues that while scientific and Maasai knowledge may differ in cultural content, both groups built ‘black boxes’ – such as scientific facts and oral traditions – in parallel and equally logical forms. Since there are no fundamental cognitive differences between members of each group, there are no justifiable reasons that the Maasai should continue to be excluded from research in their homeland and the myriad benefits that it can bring. - Reproduced. |
| 650 ## - SUBJECT ADDED ENTRY--TOPICAL TERM |
| Topical term or geographic name as entry element |
Ontology |
| 9 (RLIN) |
10034 |
| 650 ## - SUBJECT ADDED ENTRY--TOPICAL TERM |
| Topical term or geographic name as entry element |
Palaeoanthropology |
| 9 (RLIN) |
10035 |
| 773 ## - HOST ITEM ENTRY |
| Main entry heading |
Social Science Information |
| 906 ## - LOCAL DATA ELEMENT F, LDF (RLIN) |
| Subject DIP |
Epistemology |
| 942 ## - ADDED ENTRY ELEMENTS (KOHA) |
| Source of classification or shelving scheme |
|
| Item type |
Articles |